Football Teams Mehdi Taremi Played For - Statistics

General Stats
  • This quiz has been taken 29 times
    14 since last reset
  • The average score is 5 of 8
Answer Stats
League Years Team % Correct
Portugal 2020-2024 FC Porto
90%
Italy 2024- Inter
90%
Iran 2009-2010 Iranjavan FC
60%
Iran 2013-2014 Iranjavan FC
60%
Iran 2014-2018 Persepolis FC
60%
Portugal 2019-2020 Rio Ave FC
60%
Qatar 2018-2019 Al-Gharafa SC
50%
Iran 2010-2012 Shahin Bushehr FC
50%
No matching quizzes found
Score Distribution
Percent of People with Each Score
Percentile by Number Answered
Your Score History
You have not taken this quiz since the last reset